Invisible life a novel
Neal A. Newfield, Ph.D., LICSW (Giver)
Kaydedildi:
| Yazar: | |
|---|---|
| Materyal Türü: | Kitap |
| Dil: | Undetermined |
| Baskı/Yayın Bilgisi: |
New York
Anchor Books
1994
|
| Konular: | |
| Online Erişim: | http://lrc.tdmu.edu.vn/opac/search/detail.asp?aID=2&ID=32913 |
| Etiketler: |
Etiketle
Etiket eklenmemiş, İlk siz ekleyin!
|
| Thư viện lưu trữ: | Trung tâm Học liệu Trường Đại học Thủ Dầu Một |
|---|
| LEADER | 00764nam a2200217Ia 4500 | ||
|---|---|---|---|
| 001 | TDMU_32913 | ||
| 008 | 210410s9999 xx 000 0 und d | ||
| 082 | |a 495.9225 | ||
| 090 | |b H109 | ||
| 100 | |a Harris, E. Lynn | ||
| 245 | 0 | |a Invisible life | |
| 245 | 2 | |b a novel | |
| 245 | 0 | |c by E. Lynn Harris | |
| 260 | |a New York | ||
| 260 | |b Anchor Books | ||
| 260 | |c 1994 | ||
| 300 | |a 268 p. | ||
| 520 | |a Neal A. Newfield, Ph.D., LICSW (Giver) |d 2017 | ||
| 650 | |a African American men |v Fiction; Young men |x Fiction; Bisexuality |x Fiction; Lưỡng tính |v Tiểu thuyết; Văn học Mỹ |v Tiểu thuyết | ||
| 856 | |u http://lrc.tdmu.edu.vn/opac/search/detail.asp?aID=2&ID=32913 | ||
| 980 | |a Trung tâm Học liệu Trường Đại học Thủ Dầu Một | ||